[Event "AUTO-ADV-2468"]
[Site "http://www.queenalice.com/game.php?id=1103709"]
[Date "2012.9.17"]
[Round "2"]
[White "crazycow"]
[Black "Norfair"]
[Result "0-1"]
[WhiteElo "1994"]
[BlackElo "2430"]

1. d4 Nf6 2. Nf3 g6 3. Bf4 Bg7 4. e3 O-O 5. Nbd2 d6 6. Bd3 Nbd7 7. c3 e5 8. Bg3
Re8 9. dxe5 Nxe5 10. Nxe5 dxe5 11. Qc2 Nh5 12. Nf3 Qe7 13. e4 c6 14. Bh4 Bf6 15.
Bxf6 Qxf6 16. O-O Bg4 17. Be2 Nf4 18. h3 Nxh3+ 0-1

[Event "AUTO-ADV-2468"]
[Site "http://www.queenalice.com/game.php?id=1103710"]
[Date "2012.9.17"]
[Round "2"]
[White "Norfair"]
[Black "crazycow"]
[Result "1-0"]
[WhiteElo "2429"]
[BlackElo "1996"]

1. e4 c5 2. Nf3 e6 3. c3 d5 4. exd5 Qxd5 5. d4 Nf6 6. Bb5+ Bd7 7. Qe2 cxd4 8.
Bxd7+ Nbxd7 9. cxd4 Rc8 10. Bd2 Ne4 11. Nc3 Nxc3 12. bxc3 Be7 13. O-O O-O 14.
Rfb1 b6 15. a4 Bf6 16. a5 Qb7 17. Qb5 h6 18. Ra3 1-0

[Event "AUTO-OPEN-2674"]
[Site "http://www.queenalice.com/game.php?id=1104657"]
[Date "2012.9.20"]
[Round "2"]
[White "rsgaspar"]
[Black "crazycow"]
[Result "1-0"]
[WhiteElo "2378"]
[BlackElo "1916"]

1. e4 c6 2. Nf3 d5 3. e5 Bf5 4. d4 e6 5. Be2 c5 6. Be3 cxd4 7. Nxd4 Ne7 8. c4
Nbc6 9. Qa4 a6 10. O-O dxc4 11. Rd1 Qc7 12. Nb5 axb5 13. Qxa8+ Qb8 14. Qxb8+
Nxb8 15. Na3 Be4 16. Nxb5 1-0

[Event "AUTO-OPEN-2674"]
[Site "http://www.queenalice.com/game.php?id=1104658"]
[Date "2012.9.20"]
[Round "2"]
[White "crazycow"]
[Black "rsgaspar"]
[Result "0-1"]
[WhiteElo "1918"]
[BlackElo "2377"]

1. d4 d5 2. Nf3 e6 3. Bf4 Bd6 4. Bg3 Bd7 5. e3 f5 6. Ne5 Nf6 7. Bh4 O-O 8. Bxf6
Qxf6 9. Nf3 c5 10. c3 Nc6 11. Nbd2 cxd4 12. exd4 g5 13. Bb5 g4 14. Ng1 e5 0-1

[Event "AUTO-OPEN-2674"]
[Site "http://www.queenalice.com/game.php?id=1104663"]
[Date "2012.9.20"]
[Round "2"]
[White "LOMBARDY"]
[Black "crazycow"]
[Result "1-0"]
[WhiteElo "2107"]
[BlackElo "1884"]

1. e4 c5 2. Nf3 e6 3. d4 cxd4 4. Nxd4 Nf6 5. Nc3 d6 6. Bg5 a6 7. Qd2 Nc6 8. Nxc6
bxc6 9. O-O-O h6 10. Bh4 Nxe4 11. Nxe4 Qxh4 12. Nxd6+ Bxd6 13. Qxd6 Ra7 14. g3
Qe7 15. Qxc6+ Bd7 16. Qb6 Bc8 17. Bg2 O-O 18. f4 Bb7 19. Qxa7 1-0

[Event "AUTO-OPEN-2674"]
[Site "http://www.queenalice.com/game.php?id=1104664"]
[Date "2012.9.20"]
[Round "2"]
[White "crazycow"]
[Black "LOMBARDY"]
[Result "0-1"]
[WhiteElo "1792"]
[BlackElo "2083"]

1. d4 Nf6 2. Nf3 g6 3. Bf4 Bg7 4. e3 d6 5. Nbd2 O-O 6. Bd3 c6 7. c3 a5 8. O-O
Nbd7 9. Re1 h6 10. h3 Nh7 11. Qc2 e5 12. Bh2 f5 13. dxe5 dxe5 14. Bc4+ Kh8 15.
Rad1 Qe7 16. Nb3 a4 17. Nc1 b5 18. Be2 Nc5 19. Nd2 Ng5 20. c4 b4 21. b3 axb3 22.
axb3 Bb7 23. Na2 Nce6 24. Nf3 Nxf3+ 25. Bxf3 Ng5 26. Be2 c5 27. Bg3 Ne4 28. Bh2
Rxa2 29. Qxa2 Ra8 30. Qb2 Nc3 31. Rd2 Qg5 0-1

[Event "AUTO-MASTER-1676"]
[Site "http://www.queenalice.com/game.php?id=1113026"]
[Date "2012.10.16"]
[Round "2"]
[White "crazycow"]
[Black "roberval"]
[Result "0-1"]
[WhiteElo "2040"]
[BlackElo "2190"]

1. d4 d5 2. Nf3 Nf6 3. Bf4 e6 4. e3 c5 5. c3 Nc6 6. Bb5 Qb6 7. Qa4 Bd7 8. dxc5
Bxc5 9. Qb3 O-O 10. Nbd2 Na5 11. Qc2 Bxb5 0-1

[Event "AUTO-MASTER-1676"]
[Site "http://www.queenalice.com/game.php?id=1113027"]
[Date "2012.10.16"]
[Round "2"]
[White "roberval"]
[Black "crazycow"]
[Result "1-0"]
[WhiteElo "2197"]
[BlackElo "2030"]

1. e4 c5 2. Nc3 Nc6 3. g3 g6 4. Bg2 Bg7 5. d3 d6 6. f4 e6 7. Nf3 Nd4 8. O-O Ne7
9. Rb1 O-O 10. Ne2 Nxe2+ 11. Qxe2 1-0

[Event "Grande Match - Partida 1 (e4)"]
[Site "http://www.queenalice.com/game.php?id=1122014"]
[Date "2012.11.14"]
[Round "-"]
[White "crazycow"]
[Black "estrategista"]
[Result "0-1"]
[WhiteElo "1992"]
[BlackElo "1874"]

1. e4 c5 2. Nf3 Nc6 3. d4 cxd4 4. Nxd4 Nf6 5. Nc3 d6 6. Bg5 e6 7. Qd2 Bd7 8.
O-O-O Be7 9. Ndb5 O-O 10. Nxd6 Bxd6 11. Qxd6 Ne8 0-1

[Event "Grande Match - Partida 2 (d4)"]
[Site "http://www.queenalice.com/game.php?id=1122015"]
[Date "2012.11.14"]
[Round "-"]
[White "crazycow"]
[Black "estrategista"]
[Result "0-1"]
[WhiteElo "1971"]
[BlackElo "1895"]

1. d4 d5 2. Nf3 Bf5 3. Bf4 Nf6 4. e3 c6 5. Nbd2 Nbd7 6. c3 e6 7. Qb3 Qb6 8. Be2
Qxb3 9. Nxb3 Ne4 10. Nbd2 Ndf6 11. Ng5 c5 0-1

[Event "Grande Match - Partida 3 (e4)"]
[Site "http://www.queenalice.com/game.php?id=1122021"]
[Date "2012.11.14"]
[Round "-"]
[White "estrategista"]
[Black "crazycow"]
[Result "1-0"]
[WhiteElo "1914"]
[BlackElo "1952"]

1. d4 Nf6 2. c4 e6 3. Nf3 b6 4. a3 Bb7 5. e3 c5 6. Nc3 cxd4 7. exd4 d5 8. Bd3
Be7 9. O-O dxc4 10. Bxc4 O-O 11. Bg5 1-0

[Event "Grande Match - Partida 4 (d4)"]
[Site "http://www.queenalice.com/game.php?id=1122022"]
[Date "2012.11.14"]
[Round "-"]
[White "estrategista"]
[Black "crazycow"]
[Result "1-0"]
[WhiteElo "1932"]
[BlackElo "1934"]

1. e4 c5 2. Nf3 e6 3. d4 cxd4 4. Nxd4 Nf6 5. Nc3 d6 6. Be2 a6 7. Bg5 Be7 8. Qd2
b5 9. a3 Bb7 10. f3 Nbd7 11. O-O-O 1-0

[Event "AUTO-OPEN-2905"]
[Site "http://www.queenalice.com/game.php?id=1146856"]
[Date "2013.1.30"]
[Round "1"]
[White "renard77"]
[Black "crazycow"]
[Result "1-0"]
[WhiteElo "1850"]
[BlackElo "1863"]

1. d4 e6 2. e4 d5 3. e5 c5 4. Nf3 Nc6 5. Bb5 Bd7 6. O-O Qb6 7. Bxc6 Bxc6 8. c3
c4 9. Ng5 Be7 10. Qg4 Nh6 11. Qh5 1-0

[Event "AUTO-OPEN-2905"]
[Site "http://www.queenalice.com/game.php?id=1146857"]
[Date "2013.1.30"]
[Round "1"]
[White "crazycow"]
[Black "renard77"]
[Result "0-1"]
[WhiteElo "1881"]
[BlackElo "1832"]

1. d4 d5 2. Nf3 e6 3. Bf4 Bd6 4. Bg3 Nf6 5. e3 O-O 6. Nbd2 Nc6 7. c3 h6 8. Bd3
a6 9. Qb3 b5 10. Qc2 Na5 0-1

[Event "AUTO-ADV-2746"]
[Site "http://www.queenalice.com/game.php?id=1146938"]
[Date "2013.1.30"]
[Round "1"]
[White "crazycow"]
[Black "Paulsains"]
[Result "0-1"]
[WhiteElo "1825"]
[BlackElo "1792"]

1. d4 Nf6 2. Nf3 g6 3. Bf4 Bg7 4. e3 O-O 5. Bd3 d6 6. Nbd2 Nc6 7. c3 Bg4 8. h3
Bd7 9. O-O Re8 10. Bh2 e5 11. dxe5 dxe5 12. Bc4 a6 13. Qb3 Be6 14. Bxe6 Rxe6 15.
Ng5 Re7 0-1

[Event "AUTO-ADV-2746"]
[Site "http://www.queenalice.com/game.php?id=1146939"]
[Date "2013.1.30"]
[Round "1"]
[White "Paulsains"]
[Black "crazycow"]
[Result "1-0"]
[WhiteElo "1809"]
[BlackElo "1808"]

1. e4 e6 2. Nf3 d5 3. exd5 exd5 4. Be2 Nf6 5. O-O Be7 6. d3 h6 7. Bf4 O-O 8. c4
Bf5 9. Nd4 Qd7 10. Nxf5 Qxf5 11. Bxc7 dxc4 12. dxc4 Nc6 13. Bd3 Qd7 14. Bg3 Rad8
15. Be2 Nb4 16. Nc3 1-0